Friends Theme Song Quiz Stats

 Plays Quiz Updated Sep 21, 2018

Score 0/76 Timer 03:00
41 Plays Today
% Correct
you
98.5%
be
97.9%
you
97.6%
you
97.4%
you
97.3%
be
97.1%
be
97%
be
96.8%
to
94%
I'll
92.3%
for
92.2%
I'll
92.1%
for
92%
I'll
92%
the
91.9%
for
91.8%
there
91.8%
for
91.7%
there
91.6%
there
91.5%
there
91.4%
there
91.3%
a
91.2%
When
90.5%
Your
89.8%
your
89.7%
your
89.3%
your
89.3%
your
89.3%
your
89.2%
life
86.8%
when
84.4%
no
83.1%
way
82.7%
this
82.4%
one
81.4%
told
81.2%
So
80.7%
% Correct
it
80.7%
was
80.4%
you're
80.4%
you're
80.1%
you're
79.4%
gonna
79.3%
like
79.3%
like
78.7%
love
78.1%
been
78%
day
78%
second
77.9%
been
77.5%
in
77.5%
joke
76.8%
broke
76%
me
75.9%
gear
75.7%
rain
75.1%
year
75%
starts
74.6%
pour
74.1%
stuck
74%
month
73.4%
too
72.7%
job's
72.6%
life's
72.5%
week
72.3%
always
71.9%
or
71.4%
even
71.3%
hasn't
71.2%
DOA
67.6%
It's
65.6%
before
64.1%
cause
61.6%
I've
61%
but...
56.9%

You're not logged in!

Compare scores with friends on all Sporcle quizzes.
OR
Log In

Sporcle TV

Today on Sporcle TV


Watch our educational content, quiz creation guides, and fun videos on Sporcle TV.

Show Comments

Extras

Top Quizzes Today


Score Distribution

Your Account Isn't Verified!

In order to create a playlist on Sporcle, you need to verify the email address you used during registration. Go to your Sporcle Settings to finish the process.

Report this User

Report this user for behavior that violates our Community Guidelines.

Details: